| 000 | 00549nam a22001577a 4500 | ||
|---|---|---|---|
| 082 | _a005 | ||
| 100 | _aZafar, Shoaib ; Cheema, Umer Ahmed ; Tirmizi, Ismail | ||
| 245 |
_aATECT / _cShoaib Zafar ; Umer Ahmed Cheema ; Ismail Tirmizi |
||
| 260 |
_aIslamabad : _bSEECS - NUST, _c2018. |
||
| 300 |
_a35 p. ; _c30cm. |
||
| 650 | _aComputer Science-Project Report | ||
| 700 |
_aDr. Mohammad Shahzad _931217 |
||
| 856 | _uhttp://10.250.8.41:8080/xmlui/handle/123456789/19501 | ||
| 942 |
_2ddc _cPR |
||
| 999 |
_c536232 _d536232 |
||